000 01192cam a2200373 i 4500
001 0000635
003 DO-SdBNP
005 20171108115716.0
007 0000635
008 100514s 2003 mx | 000 f spa
015 _a
017 _a
_b
020 _a968191323X
035 _a
040 _aBPMSU
_bspa
_cBPMSU
_e
080 _a
082 4 _a133.58951
_bK83d, 2004
100 1 _aKoppel, Mónica
245 1 0 _a2004 año del mono de madera
_bfeng shui y ki de las nueve estrellas para planear tu año y alcanzar tus metas /
_cMónica Koppel, Bruno Koppel
246 1 0 _aDos mil y cuatro año del mono de madera
_bfeng shui y ki de las nueve estrellas para planear tu año y alcanzar tus metas /
260 0 _aMéxico, D.F.:
_bSantillana,
_c2003.
300 _a189 p.:
_bil.;
_c22 cm
490 _aAlamah tradiciones de oriente
504 _aBibliografía p: 185-189
650 4 _aASTROLOGÍA
650 4 _aASTROLOGÍA CHINA
650 4 _aFENG SHUI
700 1 2 _aKoppel, Bruno
830 0 _aAlamah tradiciones de oriente
910 _aValidado. Control de calidad MFF
942 _2ddc
_cBK
945 _aInventariado, 2017/MFF
956 _aYLOCKWARD
_810
_cBPMSU
999 _c11249
_d11249